|
|
|
|
| LEADER |
00000nam0a2200000 4500 |
| 001 |
220998 |
| 005 |
20231101230355.0 |
| 010 |
|
|
|a 9785912590344
|
| 035 |
|
|
|a (RuTPU)RU\TPU\book\241139
|
| 090 |
|
|
|a 220998
|
| 100 |
|
|
|a 20120905d2009 km y0rusy50 ca
|
| 101 |
0 |
|
|a rus
|
| 102 |
|
|
|a RU
|
| 105 |
|
|
|a a g 001zy
|
| 200 |
1 |
|
|a Промышленная экология и рациональное природопользование. Нормативно-правовые основы деятельности
|e справочник
|f Российская экологическая академия (РЭА); под ред. Т. А. Мусихиной
|
| 210 |
|
|
|a СПб.
|c Профессионал
|d 2009
|
| 215 |
|
|
|a 377 с.
|
| 225 |
1 |
|
|a Научно-промышленная энциклопедия России
|
| 320 |
|
|
|a Словарь терминов: с. 321-341.
|
| 320 |
|
|
|a Библиография: с. 372-373.
|
| 330 |
|
|
|a Справочник имеет практическую направленность, поможет организовать экологические службы на предприятиях, обеспечить экологическую безопасность и контроль. Справочник предназначен для: главных инженеров, инженеров-экологов и руководителей экологических служб, а также для специалистов, имеющих соответствующую базовую подготовку и отвечающих за практическое решение вопросов экологической безопасности на предприятиях и в организациях;управленцев в сфере природопользования;преподавателей и студентов вузов.
|
| 606 |
1 |
|
|a Рациональное природопользование
|2 stltpush
|3 (RuTPU)RU\TPU\subj\68386
|9 83754
|
| 606 |
1 |
|
|a Промышленная экология
|2 stltpush
|3 (RuTPU)RU\TPU\subj\52249
|9 70735
|
| 610 |
1 |
|
|a природные ресурсы
|
| 610 |
1 |
|
|a рациональное использование
|
| 610 |
1 |
|
|a охрана
|
| 610 |
1 |
|
|a нормативно-правовое регулирование
|
| 610 |
1 |
|
|a государственное управление
|
| 610 |
1 |
|
|a производственный экологический контроль
|
| 610 |
1 |
|
|a природоохранные нормы
|
| 610 |
1 |
|
|a природоохранные нормативы
|
| 610 |
1 |
|
|a воздухоохранная деятельность
|
| 610 |
1 |
|
|a водные ресурсы
|
| 610 |
1 |
|
|a промышленные отходы
|
| 610 |
1 |
|
|a экономика
|
| 610 |
1 |
|
|a экологическая экспертиза
|
| 610 |
1 |
|
|a экологический мененджмент
|
| 610 |
1 |
|
|a недропользование
|
| 610 |
1 |
|
|a лесные ресурсы
|
| 610 |
1 |
|
|a лесопользование
|
| 610 |
1 |
|
|a животный мир
|
| 610 |
1 |
|
|a особо охраняемые природные территории
|
| 610 |
1 |
|
|a справочники
|
| 675 |
|
|
|a 504.062(035)
|v 3
|
| 675 |
|
|
|a 504.064(035)
|v 3
|
| 702 |
|
1 |
|a Мусихина
|b Т. А.
|4 340
|
| 712 |
0 |
2 |
|a Российская экологическая академия (РЭА)
|2 stltpush
|3 (RuTPU)RU\TPU\col\2070
|
| 801 |
|
1 |
|a RU
|b 63413507
|c 20120905
|
| 801 |
|
2 |
|a RU
|b 63413507
|c 20121203
|g RCR
|
| 900 |
|
|
|a Промышленная экология
|
| 900 |
|
|
|a Рациональное природопользование
|
| 942 |
|
|
|c BK
|
| 959 |
|
|
|a 110/20120905
|d 1
|e 1950,00
|f ЧЗТЛ:1
|